Goodwill: Základní přehled a formulace systému
Vymedzenie pojmu goodwill. Goodwill ako odraz špecifického nehmotného postoja tretích osôb k podniku (dobré meno podniku). Základné prístupy pri vykazovaní goodwillu. Uznanie a vykázanie goodwillu. Nakladanie s goodwillom po tom ako bol uznaný za aktívum. Negatívny goodwill.
Gespeichert in:
| 1. Verfasser: | |
|---|---|
| Format: | Buchkapitel |
| Sprache: | Tschechisch |
| Schlagworte: | |
| Tags: |
Keine Tags, Fügen Sie das erste Tag hinzu!
|
MARC
| LEADER | 00000naa a2200000 4500 | ||
|---|---|---|---|
| 001 | r043348 | ||
| 005 | 20230913085755.5 | ||
| 041 | 0 | |a cze | |
| 044 | |a CZ | ||
| 245 | 1 | 0 | |a Goodwill: Základní přehled a formulace systému |c Vladimír Zelenka |
| 520 | |a Vymedzenie pojmu goodwill. Goodwill ako odraz špecifického nehmotného postoja tretích osôb k podniku (dobré meno podniku). Základné prístupy pri vykazovaní goodwillu. Uznanie a vykázanie goodwillu. Nakladanie s goodwillom po tom ako bol uznaný za aktívum. Negatívny goodwill. | ||
| 610 | 2 | 0 | |a goodwill |
| 610 | 2 | 0 | |a pojmy |
| 610 | 2 | 0 | |a podnik |
| 100 | 1 | |a Zelenka, Vladimír | |